Normal view
MARC view
Entry Personal Name
001 - CONTROL NUMBER
- control field: 75225
003 - CONTROL NUMBER IDENTIFIER
- control field: OSt
005 - DATE AND TIME OF LATEST TRANSACTION
- control field: 20190604164931.0
008 - FIXED-LENGTH DATA ELEMENTS
- fixed length control field: 190604|| aca||aabn | a|a d
040 ## - CATALOGING SOURCE
- Original cataloging agency: OSt
- Transcribing agency: OSt
100 ## - HEADING--PERSONAL NAME
- Personal name: Shastri,Satya Vart
670 ## - SOURCE DATA FOUND
- Source citation: Work cat.: (OSt): Shastri,Satya Vart, Discovery of Sanskrit Treasures Garmmar And Linguistics Volume-I, 2016









